| 000 | 01725cam a2200253 4500 | ||
|---|---|---|---|
| 001 | X127030 | ||
| 008 | 040809n2004 000 0 eng u | ||
| 035 | _a(Sirsi) u127030 | ||
| 100 | _aJackson, T. | ||
| 245 | _aSEA for real | ||
| 260 | _c2004 | ||
| 490 |
_aTown & Country Planning _v73(7/8) July/August 2004, 221-224(4) |
||
| 520 | _aExplains how Scottish proposals for implementing the SEA directive (Directive 2001/42/EC) extend the scope of Strategic Environmental Assessment (SEA) well beyond the coverage envisaged in the rest of the UK. This will test the efficacy of environmental assessment processes for delivering sustainable development and whether, given the choice, the public sector and others who deliver UK public services, will opt for minimal compliance with environmental legislation. Examines the Environmental Assessment of Plans and Programmes (Scotland) Regulations 2004 followed by the proposed legislation that extends the scope of SEA to non-mandatory plans and programmes, including strategies. Compares and contrasts the Scottish SEA processes with those in the rest of the UK. Concludes that Scotland will be well positioned to ascertain whether pursuing higher environmental standards really is a positive-sum game serving as the driver of sustainable economic progress. Notes. | ||
| 650 | _aDIRECTIVE 2001/42/EC | ||
| 650 | _aENVIRONMENTAL STANDARDS | ||
| 650 | _aSUSTAINABLE DEVELOPMENT | ||
| 650 | _aCOMPLIANCE | ||
| 650 | _aENVIRONMENTAL LEGISLATION | ||
| 650 | _aSTRATEGIC ENVIRONMENTAL ASSESSMENT | ||
| 650 | _aENVIRONMENTAL ASSESSMENT OF PLANS AND PROGRAMMES (SCOTLAND) REGULATIONS 2004 | ||
| 650 | _aSCOTLAND | ||
| 690 | _aENVIRONMENT-AUDIT/ASSESSMENT | ||
| 942 | _n0 | ||
| 999 |
_c74494 _d74494 |
||